[Event "Pontevedra op-B 6th"]
[Site "Pontevedra"]
[Date "2018.08.10"]
[Round "4"]
[White "De Jong, Wietse"]
[Black "Nurgaliyev, Sauat"]
[Result "0-1"]
[WhiteElo "1916"]
[BlackElo "1613"]
[PlyCount "56"]
[EventDate "2018.08.08"]
[EventType "swiss"]
[EventRounds "9"]
[EventCountry "ESP"]
[SourceTitle "CBM 186 Extra"]
[Source "ChessBase"]
[SourceDate "2018.08.24"]
[SourceVersion "1"]
[SourceVersionDate "2018.08.24"]
[SourceQuality "1"]

1. e4 c6 2. d4 d5 3. Nc3 dxe4 4. Nxe4 Nd7 5. Nf3 Ngf6 6. Ned2 e6 7. Bd3 Bd6 8. 0-0 0-0 9. Nc4 Bb8 10. Bg5 Qc7 11. Bh4 h6 12. Bg3 Qd8 13. Bxb8 Rxb8 14. Nd6 Qc7 15. Nxc8 Rbxc8 16. c3 Rfd8 17. Rc1 Nd5 18. Re1 c5 19. Bb1 N7f6 20. Qa4 cxd4 21. Nxd4 a6 22. g3 Qb6 23. Re2 Nf4 24. Ree1 Rxd4 25. Qb3 Qc6 26. gxf4 Rxf4 27. Re3 Rxf2 28. Kxf2 Ng4+ 0-1

[Event "Pontevedra op-B 6th"]
[Site "Pontevedra"]
[Date "2018.08.08"]
[Round "1"]
[White "Diaz Rodriguez, Pablo"]
[Black "De Jong, Wietse"]
[Result "0-1"]
[WhiteElo "1437"]
[BlackElo "1916"]
[PlyCount "36"]
[EventDate "2018.08.08"]
[EventType "swiss"]
[EventRounds "9"]
[EventCountry "ESP"]
[SourceTitle "CBM 186 Extra"]
[Source "ChessBase"]
[SourceDate "2018.08.24"]
[SourceVersion "1"]
[SourceVersionDate "2018.08.24"]
[SourceQuality "1"]

1. e4 e6 2. d4 d5 3. e5 c5 4. c3 Nc6 5. f4 Nh6 6. Nf3 Qb6 7. Na3 cxd4 8. Nxd4 Nxd4 9. cxd4 Bb4+ 10. Kf2 0-0 11. Nc2 Be7 12. Ne3 f6 13. Kf3 fxe5 14. dxe5 Qb4 15. Nxd5 exd5 16. Qxd5+ Kh8 17. a3 Bg4+ 18. Kg3 Qe1# 0-1

[Event "Wroclaw op"]
[Site "Wroclaw"]
[Date "2017.08.15"]
[Round "9"]
[White "De Jong, Wietse"]
[Black "Borowski, Przemyslaw"]
[Result "0-1"]
[WhiteElo "1956"]
[BlackElo "1759"]
[PlyCount "86"]
[EventDate "2017.08.10"]
[EventType "swiss"]
[EventRounds "9"]
[EventCountry "POL"]
[SourceTitle "CBM 180 Extra"]
[Source "ChessBase"]
[SourceDate "2017.10.06"]
[SourceVersion "1"]
[SourceVersionDate "2017.10.06"]
[SourceQuality "1"]

1. e4 c6 2. d4 d5 3. Nc3 dxe4 4. Nxe4 Nf6 5. Ng5 h6 6. N5f3 Bg4 7. Bc4 e6 8. c3 Nbd7 9. Qb3 Qc7 10. h3 Bf5 11. Nd2 b5 12. Be2 Nd5 13. Nf1 N7f6 14. Ne3 Bh7 15. Nxd5 Nxd5 16. Bf3 Bd6 17. Ne2 0-0 18. a4 a6 19. c4 bxc4 20. Qxc4 Nb4 21. 0-0 Rab8 22. b3 Rfc8 23. Rd1 e5 24. Bb2 e4 25. Bg4 Rd8 26. f3 Bh2+ 27. Kh1 Nd3 28. Rxd3 exd3 29. Nc3 d2 30. f4 Bxf4 31. Rf1 Re8 32. Ne2 Re4 33. Bf3 Re3 34. d5 Bd3 35. Qc3 f6 36. Nxf4 Rxf3 37. gxf3 Bxf1 38. Qxd2 cxd5 39. Qxd5+ Qf7 40. Qd1 Qxb3 41. Qxf1 Qxb2 42. Qc4+ Kh8 43. Qf7 Qc1+ 0-1

[Event "Paleochora op 9th"]
[Site "Paleochora"]
[Date "2016.07.25"]
[Round "7"]
[White "Eswaran, Ashritha"]
[Black "De Jong, Wietse"]
[Result "1-0"]
[WhiteElo "2211"]
[BlackElo "1979"]
[PlyCount "73"]
[EventDate "2016.07.20"]
[EventType "swiss"]
[EventRounds "9"]
[EventCountry "GRE"]
[SourceTitle "EXT 2017"]
[Source "ChessBase"]
[SourceDate "2016.10.25"]
[SourceVersion "1"]
[SourceVersionDate "2016.10.25"]
[SourceQuality "1"]

1. e4 e6 2. d4 d5 3. Nd2 Nc6 4. Ngf3 Nf6 5. e5 Nd7 6. Nb3 Nb4 7. c3 Na6 8. Be3 c5 9. Bxa6 bxa6 10. Nxc5 Bxc5 11. dxc5 0-0 12. 0-0 f6 13. c6 Nxe5 14. Nxe5 fxe5 15. Qa4 Qc7 16. b4 Rb8 17. Rac1 e4 18. c4 dxc4 19. Rxc4 Rb5 20. Qc2 a5 21. Bc5 Rf6 22. a4 Rb8 23. b5 e5 24. Qxe4 Be6 25. Rc3 Rf4 26. Qc2 Re8 27. Rd1 Bf5 28. Qb3+ Be6 29. Qa3 Qf7 30. Rcd3 Bg4 31. R1d2 h5 32. Rd8 Rxd8 33. Rxd8+ Kh7 34. h3 Be6 35. Qd3+ Bf5 36. Qd5 Qf6 37. Qg8+ 1-0

[Event "Hamburg St Pauli op-A"]
[Site "Hamburg"]
[Date "2015.07.19"]
[Round "3"]
[White "De Jong, Wietse"]
[Black "Kebbedies, Frank"]
[Result "1-0"]
[WhiteElo "1976"]
[BlackElo "1833"]
[PlyCount "94"]
[EventDate "2015.07.18"]
[EventType "swiss"]
[EventRounds "9"]
[EventCountry "GER"]
[SourceTitle "EXT 2016"]
[Source "ChessBase"]
[SourceDate "2015.10.08"]
[SourceVersion "1"]
[SourceVersionDate "2015.10.08"]
[SourceQuality "1"]

1. e4 e6 2. d4 d5 3. Nd2 dxe4 4. Nxe4 Nd7 5. Nf3 Ngf6 6. Bd3 Nxe4 7. Bxe4 Nf6 8. Bd3 c5 9. 0-0 cxd4 10. Nxd4 Bc5 11. Nb3 Be7 12. Be3 0-0 13. Qe2 Qc7 14. Bd4 Rd8 15. Rad1 Bd7 16. Be5 Qb6 17. Qf3 Bc6 18. Qh3 h6 19. Bc3 Rd5 20. Nd4 Rh5 21. Qe3 Bd5 22. Be2 Rg5 23. Bf3 Bc5 24. h4 Rg6 25. Qe2 Rd8 26. Nb3 Be7 27. Ba5 Qc6 28. Bxd5 exd5 29. Qxe7 Re8 30. Qc7 Qe6 31. Rfe1 Ne4 32. Nd4 Qf6 33. Qd7 Qe5 34. Bc7 Qe7 35. Qxd5 Qxc7 36. Rxe4 Rd8 37. Qb5 Kh7 38. c3 Rb6 39. Qd3 Kg8 40. Qe2 Kh7 41. Re7 Rd7 42. Re8 Qf4 43. Qc2+ g6 44. h5 Qf6 45. Re3 Re7 46. hxg6+ fxg6 47. Rxe7+ Qxe7 1-0

[Event "Heart of Finland op 22nd"]
[Site "Jyvaskyla"]
[Date "2012.07.15"]
[Round "9"]
[White "Ristoja, Samu"]
[Black "De Jong, Wietse"]
[Result "1/2-1/2"]
[WhiteElo "2073"]
[BlackElo "1982"]
[PlyCount "72"]
[EventDate "2012.07.09"]
[EventType "swiss"]
[EventRounds "9"]
[EventCountry "FIN"]
[SourceTitle "EXT 2022"]
[Source "ChessBase"]
[SourceDate "2021.10.06"]
[SourceVersion "1"]
[SourceVersionDate "2021.10.06"]
[SourceQuality "1"]

1. e4 d5 2. exd5 Nf6 3. d4 Nxd5 4. c4 Nf6 5. Nf3 e6 6. Nc3 b6 7. Ne5 Bb7 8. Qa4+ Nfd7 9. Be3 f6 10. Nf3 Bd6 11. c5 Be7 12. Bc4 0-0 13. Bxe6+ Kh8 14. 0-0-0 Qe8 15. Bxd7 Qxd7 16. Qb3 Qg4 17. Rhg1 Nc6 18. h3 Qh5 19. g4 Qf7 20. Qxf7 Rxf7 21. d5 Ne5 22. Nxe5 fxe5 23. b4 Rd8 24. Kc2 Rf3 25. Rd2 Rxh3 26. Rgd1 Bc8 27. Nb5 Bxg4 28. Re1 Bf5+ 29. Kc1 Rh4 30. d6 Rxb4 31. Rd5 Rxb5 32. Rxe5 Rb1+ 33. Kd2 Rb2+ 34. Kc1 Rb1+ 35. Kd2 Rb2+ 36. Kc1 Rb1+ 1/2-1/2

[Event "Heart of Finland op 22nd"]
[Site "Jyvaskyla"]
[Date "2012.07.10"]
[Round "3"]
[White "Nazarova, Anastasia"]
[Black "De Jong, Wietse"]
[Result "1-0"]
[WhiteElo "1669"]
[BlackElo "1982"]
[PlyCount "79"]
[EventDate "2012.07.09"]
[EventType "swiss"]
[EventRounds "9"]
[EventCountry "FIN"]
[SourceTitle "EXT 2022"]
[Source "ChessBase"]
[SourceDate "2021.10.06"]
[SourceVersion "1"]
[SourceVersionDate "2021.10.06"]
[SourceQuality "1"]

1. e4 e6 2. d4 d5 3. Nd2 Nf6 4. e5 Nfd7 5. Bd3 c5 6. c3 Nc6 7. Ne2 f6 8. Nf4 Qe7 9. Qh5+ Kd8 10. Qh3 Ndxe5 11. dxe5 Nxe5 12. Be2 g5 13. Nh5 Ng6 14. Qg3 f5 15. Nc4 f4 16. Qd3 Bd7 17. Na3 Rc8 18. c4 Ne5 19. Qc3 d4 20. Qa5+ Ke8 21. 0-0 Bc6 22. Rd1 Qf7 23. Qd2 Be7 24. b4 f3 25. b5 Be4 26. Ng3 Bg6 27. Bf1 h6 28. Re1 Bd6 29. Ne4 Bb8 30. g3 Bf5 31. b6 a6 32. Nc2 Bxe4 33. Rxe4 Qf5 34. Qe1 h5 35. h4 Kf7 36. Bxg5 Rcg8 37. Rf4 Qxf4 38. Bxf4 Nd3 39. Bxd3 Bxf4 40. Qe4 1-0